Cardiovascular respiratory physiotheraphy

Main Author: Smith, Mandy
Language: English
Published: London Philadelphia: Mosby, 1998.
Subjects:
LEADER 00979cam a2200253 7i4500
001 0000035169
005 20200519090000.0
008 100724 eng
020 |a 9780723425953  
020 |a 0723425957 (pbk.)  
090 0 0 |a RC671.5.P5   |b .S85 1998 
100 1 |a Smith, Mandy  
245 1 0 |a Cardiovascular respiratory physiotheraphy   |c Mandy Smith. 
260 |a London  |a Philadelphia:   |b Mosby,   |c 1998. 
300 |a vi, 338 p.:   |b col. ill.;   |c 27 cm. 
504 |a Includes bibliographical references and index 
650 0 0 |a Respiratory organs --   |x Diseases --   |x Physical therapy  
650 0 0 |a Cardiovascular system --   |x Diseases --   |x Physical therapy  
650 0 0 |a Physical therapy for children  
997 |a Health Sciences, Faculty 
998 |a Physiotherapy, Diploma 
999 |a 0000025419  |b BOK  |c OPEN SHELF  |e 1st Floor, Shah Alam 
999 |a 0000025651  |b BOK  |c OPEN SHELF  |e 1st Floor, Shah Alam 
999 |a 0000048439  |b BOK  |c OPEN SHELF  |e 1st Floor, Shah Alam